Estudios sobre la vocación
I tiakina i:
| Kaituhi rangatōpū: | |
|---|---|
| Hōputu: | Pukapuka |
| Reo: | Pāniora |
| I whakaputaina: |
Salamanca
Sígueme
1965
|
| Rangatū: | Colección Hinnení, 21
|
| Ngā marau: | |
| Ngā Tūtohu: |
Tāpirihia he Tūtohu
Kāore He Tūtohu, Me noho koe te mea tuatahi ki te tūtohu i tēnei pūkete!
|
MARC
| LEADER | 00000nam a2200000 a 4500 | ||
|---|---|---|---|
| 001 | UCL3035 | ||
| 003 | CL-VaPUC | ||
| 008 | 031114e19650000SP |||||||||||||||||spa|d | ||
| 082 | 0 | 4 | |a 248.894 |b CEN |2 21 |
| 110 | 2 | |a Centro Diocesano de Vocaciones de Lille |e author |9 480258 | |
| 245 | 1 | 0 | |a Estudios sobre la vocación |
| 300 | |a 259 p | ||
| 942 | |c BK | ||
| 945 | |d 20031114 00:00:00 |a vberengu | ||
| 260 | |a Salamanca |b Sígueme |c 1965 | ||
| 650 | 0 | |a Vocación sacerdotal |9 392453 | |
| 650 | 0 | |a Vocación religiosa |9 392452 | |
| 650 | 0 | |a Sacerdocio |9 319738 | |
| 583 | |a last modification |c 20031114 00:00:00 |k Rodrigo Vera | ||
| 490 | 0 | |a Colección Hinnení, 21 | |
| 999 | |c 306171 |d 306169 | ||
| 952 | |0 0 |1 0 |4 0 |6 248_894000000000000_CEN_1965 |7 0 |8 A |9 370960 |a BIBTEO |b BIBTEO |d 2019-11-21 |i 2092050 |o 248.894 CEN 1965 |p 2092050 |r 2025-01-17 |w 2019-11-21 |y BK |k ICR | ||